[Event "CAN-ch (Women)"]
[Site "Toronto"]
[Date "2023.04.08"]
[Round "5"]
[White "Chen, Rachel Ruoxuan"]
[Black "Demchenko, Svitlana"]
[Result "0-1"]
[WhiteElo "1914"]
[BlackElo "2183"]
[PlyCount "76"]
[EventDate "2023.04.06"]
[EventType "swiss"]
[EventRounds "9"]
[EventCountry "CAN"]
[SourceTitle "CBM 213 Extra"]
[Source "ChessBase"]
[SourceDate "2023.05.31"]
[SourceVersion "1"]
[SourceVersionDate "2023.05.31"]
[SourceQuality "1"]

1. e4 e5 2. Nf3 Nc6 3. Bc4 Nf6 4. d3 Bc5 5. c3 a6 6. a4 d6 7. 0-0 h6 8. Re1 Ba7 9. h3 0-0 10. Nbd2 Ne7 11. Nf1 Ng6 12. Ng3 c6 13. Ba2 d5 14. exd5 Nxd5 15. d4 exd4 16. Nxd4 Ndf4 17. Qf3 Ne6 18. Ndf5 Ng5 19. Qh5 Qf6 20. Bxg5 hxg5 21. Ne4 Qxf5 22. Nxg5 Qxf2+ 23. Kh1 Qxg2+ 24. Kxg2 Nf4+ 25. Kh1 Nxh5 26. Nxf7 Kh7 27. Bb1+ g6 28. Re7 Kg7 29. Nd6+ Kf6 30. Nxc8 Raxc8 31. Rxb7 Rf7 32. Rb4 Re7 33. Bd3 Rd8 34. Bxa6 Rd2 35. Rf1+ Kg7 36. Rg4 Re3 37. Rh4 Ng3+ 38. Kg1 Ree2+ 0-1

[Event "Los Angeles 1000 GM Spring op"]
[Site "Los Angeles"]
[Date "2023.03.19"]
[Round "5"]
[White "Doknjas, Neil"]
[Black "Chen, Rachel Ruoxuan"]
[Result "1-0"]
[WhiteElo "2052"]
[BlackElo "1943"]
[PlyCount "81"]
[EventDate "2023.03.17"]
[EventType "swiss"]
[EventRounds "9"]
[EventCountry "USA"]
[SourceTitle "CBM 213 Extra"]
[Source "ChessBase"]
[SourceDate "2023.05.31"]
[SourceVersion "1"]
[SourceVersionDate "2023.05.31"]
[SourceQuality "1"]

1. c4 Nf6 2. Nc3 e6 3. e4 c5 4. e5 Ng8 5. d4 cxd4 6. Qxd4 Nc6 7. Qf4 Nge7 8. Qe4 Ng6 9. f4 d6 10. exd6 Bxd6 11. Nf3 f5 12. Qc2 Nxf4 13. c5 Bb8 14. Be3 0-0 15. Rd1 Qe7 16. Bc4 Kh8 17. 0-0 Nh5 18. a3 Nf6 19. b4 Ng4 20. Rfe1 Nxe3 21. Rxe3 a5 22. Nd5 Qe8 23. b5 Ne5 24. Nb6 Nxf3+ 25. Rxf3 Ra7 26. Rfd3 Qe7 27. Qf2 h6 28. Rd6 Kh7 29. Nxc8 Rxc8 30. Bxe6 Bxd6 31. Bxf5+ g6 32. cxd6 Qxd6 33. Bg4 Qc5 34. Bxc8 Qxf2+ 35. Kxf2 b6 36. Rd7+ Rxd7 37. Bxd7 Kg7 38. Ke3 Kf6 39. Kd4 Ke7 40. Bc6 Kd6 41. Bd5 1-0

[Event "World ol U16"]
[Site "Nakhchivan"]
[Date "2022.10.02"]
[Round "1.4"]
[White "Talibov, Shiroghlan"]
[Black "Chen, Rachel Ruoxuan"]
[Result "1-0"]
[WhiteElo "2299"]
[BlackElo "1783"]
[PlyCount "55"]
[EventDate "2022.10.02"]
[EventType "team-swiss"]
[EventRounds "9"]
[EventCountry "AZE"]
[SourceTitle "CBM 210 Extra"]
[Source "ChessBase"]
[SourceDate "2022.11.30"]
[SourceVersion "1"]
[SourceVersionDate "2022.11.30"]
[SourceQuality "1"]
[WhiteTeam "Azerbaijan"]
[BlackTeam "Canada"]
[WhiteTeamCountry "AZE"]
[BlackTeamCountry "CAN"]

1. c4 Nf6 2. Nc3 e6 3. Nf3 d5 4. d4 dxc4 5. e4 Bb4 6. Bg5 h6 7. Bxf6 Qxf6 8. Bxc4 c5 9. 0-0 cxd4 10. Nb5 Qe7 11. Qxd4 0-0 12. e5 Bd7 13. Qf4 Nc6 14. a3 Bc5 15. b4 Bb6 16. Nd6 Rab8 17. Rad1 Rfd8 18. g4 Bc7 19. g5 Bxd6 20. exd6 Qf8 21. gxh6 g6 22. Rd3 Be8 23. Bxe6 Bd7 24. Bxd7 Rxd7 25. b5 Nd8 26. h7+ Kxh7 27. Qf6 Ne6 28. Ne5 1-0

[Event "Wch U14 Girls"]
[Site "Mamaia"]
[Date "2022.09.16"]
[Round "11"]
[White "Vasiljeva, Sofja"]
[Black "Chen, Rachel Ruoxuan"]
[Result "0-1"]
[WhiteElo "1681"]
[BlackElo "1783"]
[PlyCount "66"]
[EventDate "2022.09.06"]
[EventType "swiss"]
[EventRounds "11"]
[EventCountry "ROU"]
[SourceTitle "CBM 210 Extra"]
[Source "ChessBase"]
[SourceDate "2022.11.30"]
[SourceVersion "1"]
[SourceVersionDate "2022.11.30"]
[SourceQuality "1"]

1. e4 e5 2. Nf3 Nc6 3. Bb5 Nf6 4. 0-0 Nxe4 5. Re1 Nd6 6. a4 Be7 7. Nc3 0-0 8. d4 Nxd4 9. Nxd4 exd4 10. Nd5 Bf6 11. Bd3 Ne8 12. Ra3 d6 13. Qh5 g6 14. Qf3 Be5 15. g3 c6 16. Nf4 Ng7 17. h4 Qf6 18. Qg2 Bd7 19. Ne2 Qd8 20. Bh6 Re8 21. f4 Bf6 22. Bxg7 Bxg7 23. Rf1 f5 24. h5 Qf6 25. hxg6 hxg6 26. Rb3 Rab8 27. Kf2 Be6 28. Ra3 Bd5 29. Qh2 Kf7 30. Ng1 Qe6 31. Be2 Rh8 32. Nh3 Rxh3 33. Qxh3 Rh8 0-1

[Event "Wch U14 Girls"]
[Site "Mamaia"]
[Date "2022.09.13"]
[Round "8"]
[White "Abdinova, Narmin"]
[Black "Chen, Rachel Ruoxuan"]
[Result "1-0"]
[WhiteElo "1740"]
[BlackElo "1783"]
[PlyCount "81"]
[EventDate "2022.09.06"]
[EventType "swiss"]
[EventRounds "11"]
[EventCountry "ROU"]
[SourceTitle "CBM 210 Extra"]
[Source "ChessBase"]
[SourceDate "2022.11.30"]
[SourceVersion "1"]
[SourceVersionDate "2022.11.30"]
[SourceQuality "1"]

1. e4 e5 2. Nf3 Nc6 3. d4 exd4 4. Bc4 Bc5 5. c3 Nf6 6. cxd4 Bb4+ 7. Bd2 Nxe4 8. Bxb4 Nxb4 9. Bxf7+ Kxf7 10. Qb3+ Kf8 11. Qxb4+ Qe7 12. Qxe7+ Kxe7 13. Nc3 Nf6 14. Kd2 Kd8 15. Rhe1 d6 16. h3 Re8 17. Rxe8+ Kxe8 18. Re1+ Kd8 19. g4 a5 20. Ng5 a4 21. Nce4 Nxe4+ 22. Rxe4 h5 23. Rf4 Ra5 24. Rf8+ Kd7 25. Ne4 b6 26. Rg8 hxg4 27. hxg4 Ba6 28. Rxg7+ Kc6 29. Kc3 Kd5 30. f3 Kc6 31. f4 d5 32. Nf6 Bc4 33. Ne8 Ra7 34. b3 Be2 35. f5 Ra8 36. Rxc7+ Kb5 37. Nd6+ Ka6 38. g5 Rd8 39. Nc8 axb3 40. axb3 Rg8 41. Kb4 1-0

[Event "Wch U14 Girls"]
[Site "Mamaia"]
[Date "2022.09.08"]
[Round "3"]
[White "Chen, Rachel Ruoxuan"]
[Black "Alexandri, Dimitra"]
[Result "1-0"]
[WhiteElo "1783"]
[BlackElo "1604"]
[PlyCount "131"]
[EventDate "2022.09.06"]
[EventType "swiss"]
[EventRounds "11"]
[EventCountry "ROU"]
[SourceTitle "CBM 210 Extra"]
[Source "ChessBase"]
[SourceDate "2022.11.30"]
[SourceVersion "1"]
[SourceVersionDate "2022.11.30"]
[SourceQuality "1"]

1. e4 e5 2. Nf3 Nc6 3. Bc4 Nf6 4. d3 Bc5 5. c3 0-0 6. 0-0 d5 7. exd5 Nxd5 8. Re1 Bg4 9. h3 Bh5 10. Nbd2 Nb6 11. Bb3 Qxd3 12. Nxe5 Qf5 13. Nef3 Rad8 14. Qe2 Qd7 15. Ne4 Be7 16. Ne5 Bxe2 17. Nxd7 Nxd7 18. Rxe2 Nde5 19. Bf4 Rd7 20. Ba4 Ng6 21. Be3 a6 22. Bxc6 bxc6 23. Bc5 Rfd8 24. Rae1 Bd6 25. Bd4 Nf4 26. Rd2 Ne6 27. Be3 Be7 28. Red1 Rxd2 29. Rxd2 Rxd2 30. Nxd2 Kf8 31. Kf1 Ke8 32. Ke2 Kd7 33. Kd3 c5 34. Kc4 Kc6 35. Nb3 f5 36. g3 g5 37. Na5+ Kd7 38. Kd5 f4 39. Bd2 fxg3 40. fxg3 Bd6 41. Be1 h5 42. Nc6 h4 43. Ne5+ Ke7 44. Ke4 Kf6 45. Ng4+ Kg6 46. gxh4 gxh4 47. Bxh4 Ng5+ 48. Bxg5 Kxg5 49. Ne3 Kf6 50. Kd5 Kg5 51. Kc6 Bf4 52. Nd5 Bc1 53. b3 Bb2 54. Kxc5 Kh4 55. c4 Be5 56. Kc6 Kxh3 57. Nxc7 a5 58. Nd5 Kg4 59. Kb5 Kf5 60. Kxa5 Ke6 61. Kb5 Kd7 62. c5 Kc8 63. c6 Bd6 64. Kb6 Bh2 65. c7 Bd6 66. Kc6 1-0

[Event "PNWCC vs Europe Hybrid 08"]
[Site "Chess.com INT"]
[Date "2022.08.20"]
[Round "3"]
[White "Rahnev, Alexandr"]
[Black "Chen, Rachel Ruoxuan"]
[Result "0-1"]
[WhiteElo "1936"]
[BlackElo "1759"]
[PlyCount "40"]
[EventDate "2022.08.19"]
[EventType "team-match"]
[EventRounds "8"]
[EventCountry "USA"]
[SourceTitle "EXT 2024"]
[Source "ChessBase"]
[SourceDate "2023.10.10"]
[SourceVersion "1"]
[SourceVersionDate "2023.10.10"]
[SourceQuality "1"]
[WhiteTeam "Europe"]
[BlackTeam "PNWCC"]
[BlackTeamCountry "USA"]

1. c4 Nf6 2. Nc3 e6 3. g3 d5 4. cxd5 exd5 5. d4 c6 6. Bg2 Bd6 7. Nf3 0-0 8. Bf4 Bxf4 9. gxf4 Re8 10. e3 Bf5 11. Nh4 Bg4 12. Qb3 Nh5 13. h3 Qxh4 14. hxg4 Qxg4 15. Bf1 Nxf4 16. Qxb7 Nd7 17. Qc7 Nf6 18. Qxc6 Qf3 19. Rg1 Ng4 20. Rg3 Qxf2+ 0-1